• 首页
  • 本馆介绍
  • 公告通知
  • 最新文献
  • 馆藏检索
  • 电子资源
  • 读者导购
  • 参考咨询
  • 我的图书馆
  • 登录
  • 详细信息显示
  • 放入我的书架
  • 预约/预借图书
  • 作者相关作品
  • 分类相关作品
  • 丛书相关作品
  • 出版社相关作品

书目信息

  • 表格格式
  • 工作单格式
  • 卡片格式
题名:
快速心算法
    
 
作者: 陈星才 编著
分册:  
出版信息: 杭州   浙江科学技术出版社  1980
页数: 36页
开本: 19cm
丛书名:
单 册:
中图分类: O121.4
科图分类:
主题词: 心算法
电子资源:
ISBN:
000 00593nam0 2200229 45
001 0180005305
005 20060911082247.04
010    @dCNY0.12
091    @aCN@b13221.3
100    @a19950705d1980 em y0chiy0121 ea
101 0  @achi
102    @aCN@b330000
105    @ay z 000yy
200 10 @a快速心算法@Akuai su xin suan fa@f陈星才等编著
210    @a杭州@c浙江科学技术出版社@d1980
215    @a36页@d19cm
606    @a心算法
690    @aO121.4@v3
701  0 @a陈星才@Achen xing cai@4编著
801  2 @aCN@bNLC@c20060911
801  0 @aCN@bTSSF@c20060817
905    @a10447@dO121.4@e79
    
    快速心算法/陈星才等编著.-杭州:浙江科学技术出版社,1980
    36页;19cm
    
    
    ISBN :CNY0.12
    
●
相关链接 在E读中查询图书 在五车中查询图书 在当当中查询图书 在豆瓣中查询图书


正题名:快速心算法     索取号:O121.4/79         预约/预借

序号 登录号 条形码 馆藏地/架位号 状态 备注
1 0461647   204616479   密集书库/ [索取号:O121.4/79] 在馆    
2 0461648   204616488   密集书库/ [索取号:O121.4/79] 在馆    
3 0461649   204616497   密集书库/ [索取号:O121.4/79] 在馆    
4 0465269   204652697   密集书库/ [索取号:O121.4/79] 在馆    
5 0471836   204718369   密集书库/ [索取号:O121.4/79] 在馆    
唐山师范学院图书馆 欢迎您!
大连网信软件有限公司© 版权所有